| 000 | 00457nam a2200169 a 4500 | ||
|---|---|---|---|
| 008 | 951123s1980||||[C 0 slo c | ||
| 040 |
_aSNK _bslo _cSNK _eAACR2 |
||
| 041 | 1 |
_acze _hcze |
|
| 044 | _aCZ | ||
| 080 | _a331.881(437)(091) | ||
| 245 | 1 | 0 | _aPrehľad dejín československa I/1 do roku 1526 |
| 260 |
_aPraha _bAcademia _c1980 _eBratislava _fSvornosť |
||
| 700 | 1 |
_aTěhle, Jaroslav _4aut |
|
| 700 | 1 |
_aImro, Igor _4bkd |
|
| 020 | _c125 | ||
| 958 | _aA | ||
| 999 |
_c19246 _d19246 |
||